UM Logo
Normal view MARC view
  • Roig Greidanus, Mateo D.

Entry Personal Name

Number of records used in: 1

001 - CONTROL NUMBER

  • control field: 55771

003 - CONTROL NUMBER IDENTIFIER

  • control field: OSt

005 - DATE AND TIME OF LATEST TRANSACTION

  • control field: 20240403081415.0

008 - FIXED-LENGTH DATA ELEMENTS

  • fixed length control field: 240403|| aca||aabn | a|a d

040 ## - CATALOGING SOURCE

  • Original cataloging agency: OSt
  • Transcribing agency: OSt

100 ## - HEADING--PERSONAL NAME

  • Personal name: Roig Greidanus, Mateo D.
  • Relator term: author.

670 ## - SOURCE DATA FOUND

  • Source citation: Work cat.: (OSt): Gajanur, Nanditha. author. 55770, Impact and mitigation of high-frequency side-channel noise intrusion on the low-frequency performance of an inverter /, October 2022.